00913nam a2200277 a 450000100060000000300080000600500170001400800410003103500190007204000460009104100080013708200200014510000200016524500980018525000110028326000900029430000200038450000550040460000320045965000190049165000210051065000190053183000070055070000320055783000460058930006BD-RjUL20211209051509.0140408r19591949enk 000 0 eng d a(BD-RjUL)30091 aJNAdOCLdm.cdEUXdBD-RjULbengcBD-RjUL aeng a136.7bKLP 19591 aKlein, Melanie.14aThe psycho-analysis of children /cby Melanie Klein ; authorized translation by Alix Strachey a3rd ed aLondon :bHogarth Press and the Institute of Psycho-Analysis,c1949 [Reprinted 1959]. a393 p. ;c23 cm a"List of books and papers referred to": p. 375-37910aFreud, Sigmund,d1856-1939. 0aPsychoanalysis 0aChild psychology 0aChild analysis 0v221 aStrachey, Alix,d1892-1973. 0aInternational psycho-analytical library ;